Documents on the History of European Integration
Na minha lista:
| Outros Autores: | , |
|---|---|
| Formato: | Livro |
| Idioma: | inglês |
| Publicado em: |
Berlin
Gruyter
1991
|
| Edição: | 1. ed. |
| Assuntos: | |
| Tags: |
Sem tags, seja o primeiro a adicionar uma tag!
|
MARC
| LEADER | 00000nam a2200000 4500 | ||
|---|---|---|---|
| 001 | c000751 | ||
| 005 | 20221214093425.7 | ||
| 020 | |a 3-11-011965-X | ||
| 041 | 0 | |a eng | |
| 044 | |a DE | ||
| 245 | 1 | 0 | |a Documents on the History of European Integration |c Red. Walter Lipgens, Wilfried Loth |
| 250 | |a 1. ed. | ||
| 264 | 1 | |a Berlin |b Gruyter |c 1991 | |
| 300 | |a 650 s. | ||
| 610 | 2 | 0 | |a história |
| 610 | 2 | 0 | |a dejiny hospodárske |
| 610 | 2 | 0 | |a Európa |
| 610 | 2 | 0 | |a integrácia ekonomická medzinárodná |
| 610 | 2 | 0 | |a organizácie medzinárodné |
| 610 | 2 | 0 | |a strany politické |
| 610 | 2 | 0 | |a odbory |
| 610 | 2 | 0 | |a hnutie odborové |
| 610 | 2 | 0 | |a 1945-1950 |
| 610 | 2 | 0 | |a Európska únia |
| 700 | 1 | |a Lipgens, Walter | |
| 700 | 1 | |a Loth, Wilfried | |